00721cam a2200241 a 450000100060000000300100000600500170001600700030003300800410003602000150007702000180009204000260011008200160013610000250015224500950017725000120027230000310028433600270031533700330034233800280037549000240040365000520042758449CO-BoRNBP20250822202516.0ta021224s2000 ck a a 000 j spa  a9588061547 a9789588061542 aCO-BoBNbspacCO-BoBN04aCo863.52231 aVasco, Irene,d1952-13aEl dedo de Estefanía y otros cuentos /cIrene Vasco ; ilustraciones de Esperanza Vallejo a1a. ed. a47 p. :bil. col. ;c19 cm 2rdacontentatextobtxt 2rdamediaasin mediaciónbn 2rdacarrieravolumenbnc0 aAlfaguara. Infantil14aCuentos infantiles colombianosySiglo XXI2LEMB